00869nam a22002537a 450000500170000001000130001702000220003003500130005203700160006504000120008108200160009310000280010924500560013726000390019327000490023230000200028150000510030165000220035265000250037470000100039994200250040999900190043495201620045320170124110144.0 aA-896386 c00.00a8175330562 aA-896386 bCen Lib/Ret aDPLbEN a635.04bARY aArya, Prem Singh932943 aVegetables growing in hills /cBy Prem Singh Arya  aNew DelhibM D publications c1997 bNew DelhiaB/231-E, Greater Kailash e110048 a439p.c21cm(Hb) aIncludes bibliographical references and index  aHuman diet932944 aWeed control 932945 932931 2ddccENh635.04mARY c131834d131834 04104070aLbLd2015-07-16eCen Lib/Retg0.00l0o635.04 ARYpA-896386r2015-07-16 00:00:00t1v0.00w2015-07-16yENzW/d List No. 6873/17 ; dtd 20/08/2020